000 00550nam a22001817a 4500
003 CEME
005 20210628210537.0
008 210209b xxu||||| |||| 00| 0 eng d
020 _a0-471-14857-1
040 _c.
082 _a621.3815 KEL
100 _aKeller, Peter.A
_979867
245 _aElectronic display measurement concepts, techniques, and instrumentation
260 _aNEW YORK
_bJOHN WILEY
_c1997
300 _a335P
650 _aINFORMATION DISPLAY SYSTEM-MEASUREMENT INFROMATION DISPLAY SYSTEMS-EVALUATION
_979868
942 _cBK
_2ddc
999 _c584857
_d584857